000 00468nam a2200157 a 4500
005 20140412111301.0
008 001111s19uu xx 00 eng d
020 _a1-85697-028-0
050 _aM 242
_bW168 1993
100 _aWalsh, Caroline
245 _aThe little book of prayers /
_cselected by Caroline Walsh ; illustrated by Inga Moor.
260 _aLondon :
_bKing Fisher Book,
_c1993.
300 _a60 p. ; col. ; ill.
650 _aPrayers
999 _c103403
_d103403